00615nam a22001817a 4500003000900000008004100009020001800050040007100068082001700139100003300156245006600189260003300255300002500288440005700313505001200370650002700382650002400409AR-CdUCM190304b ||||| |||| 00| 0 spa d a84-320-6801-2 aMUNICIPALIDAD PROVINCIAL DEL CUSCOcBIBLIOTECA MUNICIPAL DEL CUSCO a868.6 /bT72 aTorrente Ballester, Gonzalo  aFilomeno, a mi pesar /bMemorias de un Señorito Descolocado aEspaña :bPlaneta ;c1988. a442 páginas c21cm aColección Autores Españoles e Hispanoamericanos  aNovela  aLiteratura española  aLiteratura siglo XX